Lataa...

Hand book of the Indian flora, being a guide to all the flowering plants V.1

Bibliografiset tiedot
Päätekijä: Drury, H
Aineistotyyppi: Printed Book
Kieli:Undetermined
English
Julkaistu: Dehradun Bishen Singh Mahendra Pal Singh 1982
Aiheet:
LEADER 00748nam a2200181Ia 4500
008 140306s9999 xx 000 0 und d
041 |a eng 
082 |a 580  |b DRU/HA 
100 |a Drury, H 
245 |a Hand book of the Indian flora, being a guide to all the flowering plants V.1 
260 |a Dehradun  |b Bishen Singh Mahendra Pal Singh  |c 1982 
300 |a 659 
365 |b Rs.219.6 
650 |a Botany 
942 |2 ddc  |c BK 
999 |c 117024  |d 117024 
952 |0 0  |1 0  |2 ddc  |4 0  |6 580_000000000000000_DRUHA  |7 0  |9 115806  |a KAUHCV  |b KAUHCV  |d 2004-04-28  |g 219.60  |o 580 DRU/HA  |p KAU_HCV-17440  |r 2014-03-22  |w 2014-03-22  |y BK 
952 |0 0  |1 0  |2 ddc  |4 0  |6 580_000000000000000_DRUHA  |7 0  |9 115807  |a KAUHCV  |b KAUHCV  |d 2004-04-28  |g 219.60  |o 580 DRU/HA  |p KAU_HCV-17441  |r 2014-03-22  |w 2014-03-22  |y BK